Pla d' obres i serveis de Catalunya 1980 / Generalitat de Catalunya. Direcció General d'Administració Local
Descripción Física:
192 p. ; 21 cm
Materias:
Obres públiques -- Catalunya -- 1980
MARC
| LEADER | 00000nam a2200000Ia 4500 | ||
|---|---|---|---|
| 001 | 592 | ||
| 008 | 160829s1981 xx 000 0 cat d | ||
| 080 | |a C-2-73 | ||
| 110 | 1 | |a Catalunya. |b Direcció General d'Administració Local |9 53065 | |
| 245 | |a Pla d' obres i serveis de Catalunya 1980 / Generalitat de Catalunya. Direcció General d'Administració Local | ||
| 260 | |a Barcelona : |b la Direcció General, |c 1981 | ||
| 300 | |a 192 p. ; |c 21 cm | ||
| 650 | |a Obres públiques |x Catalunya |x 1980 |9 36137 | ||
| 901 | |a Arxiu | ||
| 942 | |n 1 | ||
| 952 | |0 0 |1 0 |4 0 |6 C273 |7 1 |9 47184 |a Arxiu |b Arxiu |d 2016-12-01 |l 0 |o C-2-73 |p 592 |r 2016-12-01 00:00:00 |w 2016-12-01 |y ARXIU | ||
| 999 | |c 50981 |d 50981 | ||